Indian Women (Record no. 25203)

MARC details
000 -LEADER
fixed length control field 00406nam a2200181Ia 4500
008 - FIXED-LENGTH DATA ELEMENTS--GENERAL INFORMATION
fixed length control field 220531s9999 xx 000 0 und d
041 ## - LANGUAGE CODE
Language code of text/sound track or separate title eng
082 ## - DEWEY DECIMAL CLASSIFICATION NUMBER
Item number BAG
100 ## - MAIN ENTRY--PERSONAL NAME
Personal name Bagchi, Jasodhara
9 (RLIN) 42234
245 ## - TITLE STATEMENT
Title Indian Women
250 ## - EDITION STATEMENT
Edition statement 1ST
260 ## - PUBLICATION, DISTRIBUTION, ETC. (IMPRINT)
Name of publisher, distributor, etc. Sangam
Date of publication, distribution, etc. 1999
300 ## - PHYSICAL DESCRIPTION
Extent 192
542 ## - INFORMATION RELATING TO COPYRIGHT STATUS
Copyright holder 26-07-2000
650 ## - SUBJECT ADDED ENTRY--TOPICAL TERM
Topical term or geographic name as entry element Sociology
9 (RLIN) 42235
906 ## - LOCAL DATA ELEMENT F, LDF (RLIN)
d 2000-2001
f 7573
Holdings
Withdrawn status Lost status Source of classification or shelving scheme Damaged status Not for loan Home library Current library Date acquired Vendor Cost, normal purchase price Total Checkouts Total Holds Full call number Barcode Date last seen Bill Date Koha item type Original Barcode
    Dewey Decimal Classification     Shri Siddhivinayak Mahila Mahavidyalaya Shri Siddhivinayak Mahila Mahavidyalaya 27/07/2000 Vaibhav 150.00   1 /BAG/B/6187 SSMM-BK-6187 06/08/2022 06/08/2022 Books 010006187